| 000 | 02965nam0a2200409 4500 | ||
|---|---|---|---|
| 001 | RU\NLR\BIBL_A\012716563 | ||
| 005 | 20220415154320.0 | ||
| 010 |
_a978-5-6046987-2-3 _9120 |
||
| 021 |
_aRU _bКН-П-21-078323 _9КН-П-21-6239 |
||
| 035 | _a(NLR Aleph) 012716563 | ||
| 035 | _a(RuMoRGB)010874085 | ||
| 090 |
_a12927173 _c12927173 |
||
| 100 | _a20220228d2021 k y0rusy50 ca | ||
| 101 | 0 | _arus | |
| 102 | _aRU | ||
| 105 | _ay|||z|||1||z| | ||
| 181 | 1 |
_ai _b e |
|
| 182 | 1 | _an | |
| 200 | 1 |
_aЭкомониторинг рек и побережья Финского залива и состояния окружающей среды _eматериалы межрегиональной научно-практической конференции школьников _fсоставитель: Н. Ф. Быстрова |
|
| 203 |
_aТекст _bвизуальный _cнепосредственный |
||
| 210 |
_aСанкт-Петербург _cДрузья Балтики _cР-Копи _d2021 |
||
| 215 |
_a79 с. _cтабл. _d21 |
||
| 330 | _aСборник опубликован в рамках программы "Наблюдение рек" Коалиции Чистая Балтика при поддержке российско-финского проекта СЕВИРА "Вода объединяет людей-учимся, действуем, сотрудничаем", Водной программы Беларуси и России и проекта SPARE/ШПИРЭ | ||
| 606 | 1 |
_aЭкологические исследования _jСъезды, совещания и т.п _xПобережье _yФинский залив (Балтийское море) _92240185 _3RU\NLR\AUTH\6601575716 |
|
| 606 | 1 |
_aМалые реки _jСъезды, совещания и т.п _xЭкологические исследования _yЛенинградская область _92240183 _3RU\NLR\AUTH\6601575715 |
|
| 606 | 1 |
_aЗдоровье _jСъезды, совещания и т.п _xВлияние экологических факторов _yЛенинградская область _92434589 _3RU\NLR\AUTH\6601666931 |
|
| 675 |
_a502.51(470.23)(082) _v4 |
||
| 686 | 1 | _aЕ082.41(2Р31-4Ле)я431(2) | |
| 686 | 1 | _aЕ081(2Р31-4Ле)я431(2) | |
| 686 | 1 | _aР121.1(2Р31-4Ле)я431 | |
| 702 | 1 |
_aБыстрова _bН. Ф. _gНадежда Федоровна _4220 |
|
| 711 | 1 | 2 |
_a"Экомониторинг рек и побережья Финского залива и состояния окружающей среды", межрегиональная научно-практическая конференция школьников _d21 _eСанкт-Петербург _f2021 _9788179 _3RU\NLR\AUTH\880560496 |
| 942 | _cBOOK | ||
| 980 | _aNB | ||